Normal view
MARC view
- Rout Manoj Kumar and Majhi Tejaswini , Sethi Binodini
Entry Personal Name
001 - CONTROL NUMBER
- control field: 40303
003 - CONTROL NUMBER IDENTIFIER
- control field: OSt
005 - DATE AND TIME OF LATEST TRANSACTION
- control field: 20260509123408.0
008 - FIXED-LENGTH DATA ELEMENTS
- fixed length control field: 260509|| aca||aabn | a|a d
040 ## - CATALOGING SOURCE
- Original cataloging agency: OSt
- Transcribing agency: OSt
100 ## - HEADING--PERSONAL NAME
- Personal name: Rout Manoj Kumar and Majhi Tejaswini , Sethi Binodini
670 ## - SOURCE DATA FOUND
- Source citation: Work cat.: (OSt)90278: Rout Rajendra Kumar and Gantayat Balabhadra Prasad 40301, A Textbook On Farming Based Livelihood Systems , 2026




